000 00541nam a2200193Ia 4500
005 20250619121233.0
008 008 250516s9999 xx 000 0 eng d
020 _a9781421496189
040 _beng
_cSDCL
041 _aeng
_2eng
084 _aY15 R3
245 0 _aConversation on gender diversity
260 _aBaltimore :
_bJohns Hopkins University Press,
_c2023.
300 _axxv, 259p.
490 _aCritical conversations
650 _aPolitical Science
700 _aGill-Peterson, Jules Ed.
_9809302
942 _cTEXL
_2CC
999 _c1428999
_d1428999